<?xml version="1.0" encoding="UTF-8"?><?xml-stylesheet type="text/xsl" href="static/style.xsl"?><OAI-PMH xmlns="http://www.openarchives.org/OAI/2.0/" xmlns:xsi="http://www.w3.org/2001/XMLSchema-instance" xsi:schemaLocation="http://www.openarchives.org/OAI/2.0/ http://www.openarchives.org/OAI/2.0/OAI-PMH.xsd"><responseDate>2026-04-17T23:17:41Z</responseDate><request verb="GetRecord" identifier="oai:www.recercat.cat:10230/44804" metadataPrefix="marc">https://recercat.cat/oai/request</request><GetRecord><record><header><identifier>oai:recercat.cat:10230/44804</identifier><datestamp>2025-12-12T01:54:26Z</datestamp><setSpec>com_2072_6</setSpec><setSpec>col_2072_452952</setSpec></header><metadata><record xmlns="http://www.loc.gov/MARC21/slim" xmlns:dcterms="http://purl.org/dc/terms/" xmlns:xsi="http://www.w3.org/2001/XMLSchema-instance" xmlns:doc="http://www.lyncode.com/xoai" xsi:schemaLocation="http://www.loc.gov/MARC21/slim http://www.loc.gov/standards/marcxml/schema/MARC21slim.xsd">
   <leader>00925njm 22002777a 4500</leader>
   <datafield ind2=" " ind1=" " tag="042">
      <subfield code="a">dc</subfield>
   </datafield>
   <datafield ind2=" " ind1=" " tag="720">
      <subfield code="a">O&amp;apos;Callaghan-Gordo, Cristina</subfield>
      <subfield code="e">author</subfield>
   </datafield>
   <datafield ind2=" " ind1=" " tag="720">
      <subfield code="a">Shivashankar, Roopa</subfield>
      <subfield code="e">author</subfield>
   </datafield>
   <datafield ind2=" " ind1=" " tag="720">
      <subfield code="a">Anand, Schuchi</subfield>
      <subfield code="e">author</subfield>
   </datafield>
   <datafield ind2=" " ind1=" " tag="720">
      <subfield code="a">Ghosh, Shreeparna</subfield>
      <subfield code="e">author</subfield>
   </datafield>
   <datafield ind2=" " ind1=" " tag="720">
      <subfield code="a">Glaser, Jason</subfield>
      <subfield code="e">author</subfield>
   </datafield>
   <datafield ind2=" " ind1=" " tag="720">
      <subfield code="a">Gupta, Ruby</subfield>
      <subfield code="e">author</subfield>
   </datafield>
   <datafield ind2=" " ind1=" " tag="720">
      <subfield code="a">Jakobsson, Kristina</subfield>
      <subfield code="e">author</subfield>
   </datafield>
   <datafield ind2=" " ind1=" " tag="720">
      <subfield code="a">Kondal, Dimple</subfield>
      <subfield code="e">author</subfield>
   </datafield>
   <datafield ind2=" " ind1=" " tag="720">
      <subfield code="a">Krishnan, Anand</subfield>
      <subfield code="e">author</subfield>
   </datafield>
   <datafield ind2=" " ind1=" " tag="720">
      <subfield code="a">Mohan, Sailesh</subfield>
      <subfield code="e">author</subfield>
   </datafield>
   <datafield ind2=" " ind1=" " tag="720">
      <subfield code="a">Mohan, Viswanathan</subfield>
      <subfield code="e">author</subfield>
   </datafield>
   <datafield ind2=" " ind1=" " tag="720">
      <subfield code="a">Nitsch, Dorothea</subfield>
      <subfield code="e">author</subfield>
   </datafield>
   <datafield ind2=" " ind1=" " tag="720">
      <subfield code="a">Praveen, P. A.</subfield>
      <subfield code="e">author</subfield>
   </datafield>
   <datafield ind2=" " ind1=" " tag="720">
      <subfield code="a">Tandon, Nikhil</subfield>
      <subfield code="e">author</subfield>
   </datafield>
   <datafield ind2=" " ind1=" " tag="720">
      <subfield code="a">Narayan, K. M. Venkat</subfield>
      <subfield code="e">author</subfield>
   </datafield>
   <datafield ind2=" " ind1=" " tag="720">
      <subfield code="a">Pearce, Neil E.</subfield>
      <subfield code="e">author</subfield>
   </datafield>
   <datafield ind2=" " ind1=" " tag="720">
      <subfield code="a">Caplin, Ben</subfield>
      <subfield code="e">author</subfield>
   </datafield>
   <datafield ind2=" " ind1=" " tag="720">
      <subfield code="a">Prabhakaran, Dorairaj</subfield>
      <subfield code="e">author</subfield>
   </datafield>
   <datafield ind2=" " ind1=" " tag="260">
      <subfield code="c">2020-05-26T07:37:40Z</subfield>
   </datafield>
   <datafield ind2=" " ind1=" " tag="260">
      <subfield code="c">2020-05-26T07:37:40Z</subfield>
   </datafield>
   <datafield ind2=" " ind1=" " tag="260">
      <subfield code="c">2019</subfield>
   </datafield>
   <datafield ind2=" " ind1=" " tag="520">
      <subfield code="a">Objectives: To assess whether chronic kidney disease of unknown aetiology (CKDu) is present in India and to identify risk factors for it using population-based data and standardised methods. Design: Secondary data analysis of three population-based cross-sectional studies conducted between 2010 and 2014. Setting: Urban and rural areas of Northern India (states of Delhi and Haryana) and Southern India (states of Tamil Nadu and Andhra Pradesh). Participants: 12 500 individuals without diabetes, hypertension or heavy proteinuria. Outcome measures: Mean estimated glomerular filtration rate (eGFR) and prevalence of eGFR below 60 mL/min per 1.73 m2 (eGFR &amp;lt;60) in individuals without diabetes, hypertension or heavy proteinuria (proxy definition of CKDu). Results: The mean eGFR was 105.0±17.8 mL/min per 1.73 m2. The prevalence of eGFR &amp;lt;60 was 1.6% (95% CI=1.4 to 1.7), but this figure varied markedly between areas, being highest in rural areas of Southern Indian (4.8% (3.8 to 5.8)). In Northern India, older age was the only risk factor associated with lower mean eGFR and eGFR &amp;lt;60 (regression coefficient (95% CI)=-0.94 (0.97 to 0.91); OR (95% CI)=1.10 (1.08 to 1.11)). In Southern India, risk factors for lower mean eGFR and eGFR &amp;lt;60, respectively, were residence in a rural area (-7.78 (-8.69 to -6.86); 4.95 (2.61 to 9.39)), older age (-0.90 (-0.93 to -0.86); 1.06 (1.04 to 1.08)) and less education (-0.94 (-1.32 to -0.56); 0.67 (0.50 to 0.90) for each 5 years at school). Conclusions: CKDu is present in India and is not confined to Central America and Sri Lanka. Identified risk factors are consistent with risk factors previously reported for CKDu in Central America and Sri Lanka.</subfield>
   </datafield>
   <datafield tag="653" ind2=" " ind1=" ">
      <subfield code="a">Chronic renal failure</subfield>
   </datafield>
   <datafield tag="653" ind2=" " ind1=" ">
      <subfield code="a">Epidemiology</subfield>
   </datafield>
   <datafield tag="653" ind2=" " ind1=" ">
      <subfield code="a">Nephrology</subfield>
   </datafield>
   <datafield tag="653" ind2=" " ind1=" ">
      <subfield code="a">Public health</subfield>
   </datafield>
   <datafield ind2="0" ind1="0" tag="245">
      <subfield code="a">Prevalence of and risk factors for chronic kidney disease of unknown aetiology in India: secondary data analysis of three population-based cross-sectional studies</subfield>
   </datafield>
</record></metadata></record></GetRecord></OAI-PMH>